| 000 | 00625nam a2200169Ia 4500 | ||
|---|---|---|---|
| 008 | 090711s9999 xx 000 0 und d | ||
| 082 | _b31581 | ||
| 100 | _aदाते वामन र. | ||
| 245 | _aजमिनीSाा कस वाढविणारी खते | ||
| 260 |
_bउद्यम प्रकाशन _c1970 |
||
| 300 | _a75 | ||
| 600 | _aदाते वामन र. | ||
| 630 | _aजमिनीSाा कस वाढविणारी खते | ||
| 700 | _aदाते वामन र. | ||
| 730 | _aजमिनीSाा कस वाढविणारी खते | ||
| 942 | _cBOOK | ||
| 999 |
_c328951 _d328951 |
||